=LDR 00000nam 2200000 4500 =001 INLIS000000000051766 =005 20210519091611 =035 ##$$a 0010-1217000006 =007 ta =008 210519###########################0#ind## =082 ##$$a 338.4 =084 ##$$a 338.4 KES =245 ##$$a Kesiapan remaja dalam menyongsong batam bintan dan sekitarnya sebagai kawasan industri dan pariwisata /$c Drs. M. Imran Nuh dkk =260 ##$$a Tanjung Pinang :$b Depdikbud,$c 1995 =300 ##$$a v,80 hlm. : $b ilus ; $c 21 cm =650 #4$$a Pariwisata, Industri =990 ##$$a 125.553 hd.98